| 000 | 00000nam##2200000za#4500 |
| 001 | 9.642187 |
| 003 | CaOODSP |
| 005 | 20210624223559 |
| 007 | cr ||||||||||| |
| 008 | 150407|1997||||xxc|||||o f|0| 0 fre|d |
| 040 | |aCaOODSP|bfre |
| 043 | |an-cn--- |
| 086 | 1 |aRH64-116/1997F-PDF |
| 110 | 1 |aCanada.|bDéveloppement des ressources humaines Canada. |bPolitique stratégique. |
| 245 | 10|aÉvaluation des prestations de survivant et d'autres éléments du RPC : |h[ressource électronique]|brapport final / |c[par] Évaluation et développement des données. |
| 246 | 1 |aPhase III Évaluation des prestations de survivant et d'autres éléments du RPC |
| 260 | |aOttawa - Ontario : |bDéveloppement des ressources humaines Canada. |cMai 1997. |
| 300 | |a71p.|bfigures, tableaux |
| 590 | |a13-18-Supp|b2013-08-01 |
| 775 | 08|tEvaluation of survivor benefits and other features of Canada Pension Plan : |w(CaOODSP)9.698193 |
| 856 | 40|ahttp://publications.gc.ca|qPDF|s596 Ko|uhttps://publications.gc.ca/collections/collection_2013/rhdcc-hrsdc/RH64-116-1997-fra.pdf |
| 986 | |aSP-AH010F-05-97 |